Score 0/11 Timer 01:00
2 Plays Today
% Correct
Carl
82.1%
Merle
75%
Beth
69.4%
Glenn
62.5%
Sophia
61.3%
Dale
59.8%
Bob
58.3%
Deanna
50.8%
Philip
49.4%
Tara
46.8%
Jessie
46.7%

Today's Daily Dose

Come Together.
Have Fun.
All Virtual.
We all need to come together. Play Sporcle's virtual live trivia to have fun, connect with people, and get your trivia on. Join a live hosted trivia game for your favorite pub trivia experience done virtually. If a virtual private party is more your thing, go here for details.

You're not logged in!

Compare scores with friends on all Sporcle quizzes.
OR
Log In

Sporcle TV

Today on Sporcle TV


Watch our educational content, quiz creation guides, and fun videos on Sporcle TV.

Show Comments

Extras

Top Quizzes Today


Score Distribution

Paid Content

Your Account Isn't Verified!

In order to create a playlist on Sporcle, you need to verify the email address you used during registration. Go to your Sporcle Settings to finish the process.

Report this User

Report this user for behavior that violates our Community Guidelines.

Details: